000 00577nam a22001817a 4500
003 UA-OsUOA
001 8048
007 ta
008 20040726b un ||||| |||| 00| 0 ukr d
100 _aСвистун Л.
942 _cSA
040 _aUA-OsUOA
_cUA-OsUOA
_dUA-OsUOA
245 _aДовгостроковий договір на перевезення вантажів автомобільним транспортом
300 _aС.62-64
955 _a0
773 0 _w0
_tПраво України
_dКиїв
_d2004
_gN7
650 7 _aТранспортне право
_2UDC
999 _c294209
_d294209